Normal view
MARC view
- Naseer,Kanza
Entry Personal Name
001 - CONTROL NUMBER
- control field: 26469
003 - CONTROL NUMBER IDENTIFIER
- control field: NUST
005 - DATE AND TIME OF LATEST TRANSACTION
- control field: 20191204101722.0
008 - FIXED-LENGTH DATA ELEMENTS
- fixed length control field: 191204|| aca||aabn | a|a d
040 ## - CATALOGING SOURCE
- Original cataloging agency: NUST
- Transcribing agency: NUST
100 ## - HEADING--PERSONAL NAME
- Personal name: Naseer,Kanza
670 ## - SOURCE DATA FOUND
- Source citation: Work cat.: (NUST): Naseer,Kanza, Microbial characterization and water quality assessment of integrated constructed wetland., 2019
